000 00378nam a2200169Ia 4500
008 210210b1929 xxu||||| |||| 00| 0 eng d
041 _aeng
082 _a534/29
100 _aCOOKE (Greville)
245 _aTheory of music
260 _aLondon
_bErnest Benn Limited
_c1929
300 _a80
650 _aTheory
650 _amusic
690 _aPhysics
906 _a008517
999 _c126352
_d126352